|
|
|
|
| LEADER |
01202nam a22002657a 4500 |
| 001 |
41336 |
| 003 |
BD-DhAAL |
| 008 |
230810t2002 bg ||||| |||| 00| 0 ben d |
| 020 |
|
|
|a 9847590109
|
| 040 |
|
|
|a BD-DhAAL
|c BD-DhAAL
|
| 041 |
|
|
|a ben
|
| 082 |
|
|
|a 306.4495492
|
| 100 |
|
|
|a আলী, সৈয়দ মুজতবা.
|
| 245 |
|
|
|a পূর্ব পাকিস্তানের রাষ্ট্রভাষা /
|c সৈয়দ মুজতবা আলী.
|
| 246 |
|
|
|a Purba Pakistaner rashtrabhasa
|
| 246 |
|
|
|a The state language of East Pakistan
|
| 260 |
|
|
|a ঢাকা :
|b একুশে পাবলিকেশন্স লিমিটেড,
|c ২০০২.
|
| 300 |
|
|
|a ৪০ পৃষ্ঠা ;
|c ২২ সে.মি.
|
| 541 |
|
|
|a Donated By Akbar Ali Khan
|e 41336
|
| 650 |
|
|
|a Bengali language
|x Political aspects
|z Bangladesh.
|
| 650 |
|
|
|a Bengali language movement
|x History.
|
| 852 |
|
|
|a Ayesha Abed Library
|c Akbar Ali Khan Collection
|
| 942 |
|
|
|2 ddc
|c BK
|
| 999 |
|
|
|c 46090
|d 46090
|
| 952 |
|
|
|0 0
|1 0
|2 ddc
|4 0
|6 306_449549200000000_ALI
|7 1
|9 74212
|a BRACUL
|b BRACUL
|c AAKC
|d 2023-08-10
|e Donated By Akbar Ali Khan
|g 60.00
|l 0
|o 306.4495492 ALI
|p 3010041336
|r 2023-08-10
|t 1
|w 2023-08-10
|y BK
|